Statistics for Super Rich Kids - Frank Ocean

Click here to take the quiz!

General Stats

  • This quiz has been taken 71 times
  • The average score is 207 of 332

Answer Stats

Answer% Correct
No
98%
a
96%
A
96%
to
96%
But
95%
but
95%
Kids
95%
Nothing
95%
nothing
95%
Rich
95%
Super
95%
cant
93%
Cant
93%
end
93%
Fake
93%
Friends
93%
Loose
93%
The
93%
the
93%
We
93%
we
93%
when
93%
i
91%
Many
91%
of
91%
Of
91%
This
91%
this
91%
Too
91%
with
91%
With
91%
daddys
89%
Daddys
89%
jag
89%
Pronounce
89%
Wine
89%
And
88%
and
88%
Bottles
88%
in
88%
Jaguar
88%
Lucky
88%
Parents
88%
Aint
86%
Around
86%
Charms
86%
day
86%
enough
86%
Enough
86%
My
86%
my
86%
on
86%
roof
86%
Joyrides
84%
lies
84%
like
84%
Much
84%
up
84%
view
84%
white
84%
Ends
82%
type
82%
Come
80%
Green
80%
lines
80%
Start
80%
Maids
79%
new
79%
New
79%
that
79%
That
79%
theres
79%
Bowls
77%
do
75%
Feel
70%
so
70%
times
70%
Times
70%
good
68%
Good
68%
im
68%
I'm
68%
expensive
66%
he
66%
what
66%
amazing
64%
car
64%
girl
64%
head
64%
she
64%
three
64%
feels
63%
Glass
63%
back
61%
Close
61%
close
61%
dont
61%
point
61%
shower
61%
are
59%
at
59%
Eyes
59%
eyes
59%
ice
59%
never
59%
Never
59%
news
59%
prefer
59%
for
57%
For
57%
Its
57%
its
57%
they
57%
Watch
57%
you
57%
be
55%
clicker
55%
two
55%
wash
55%
Yeah
55%
yeah
55%
Million
52%
Real
52%
one
50%
One
50%
Searching
50%
your
50%
care
48%
Love
48%
both
46%
hundred
46%
imagine
46%
jump
46%
our
46%
babe
45%
by
45%
Oh
45%
help
43%
say
43%
walk
43%
will
43%
fool
41%
just
41%
must
41%
stare
41%
well
41%
act
39%
drunk
39%
high
39%
me
39%
practice
39%
xanny
39%
arm
38%
cash
38%
Cash
38%
tube
38%
ill
36%
ledge
36%
stories
36%
Crash
34%
More
34%
shit
34%
us
34%
as
32%
bratty
32%
grabs
32%
smashing
32%
battin
30%
caddy
29%
down
29%
should
29%
sixty
29%
slaps
29%
talking
29%
way
29%
ass
27%
bout
27%
hand
27%
patch
27%
silver
27%
spoon
27%
slip
25%
these
25%
fall
23%
had
23%
panic
23%
some
23%
wings
23%
erupt
21%
half
21%
handed
21%
has
21%
off
21%
treat
21%
adamant
20%
all
20%
done
20%
fed
20%
mad
20%
toyin
20%
Alright
18%
believe
18%
crappy
18%
fuck
18%
grams
18%
keyed
18%
pappy
18%
raggy
18%
tailored
18%
thrashin
18%
used
18%
anns
16%
brash
16%
latch
16%
mammy
16%
markets
16%
sew
16%
suits
16%
his
14%
purchasin
14%
aqueducts
13%
rip
13%
sleeve
13%
breachin
11%
snatched
11%
gashing
5%
yup
5%

Score Distribution

Percentile by Number Answered

Percent of People with Each Score

Your Score History

You have not taken this quiz